Top 10 Countries Where Earthquakes Happen Very Frequently - Statistics

General Stats
  • This quiz has been taken 445 times
  • The average score is 6 of 10
Answer Stats
Rank Country % Correct
1 Japan
96%
10 Indonesia
83%
3 India
71%
8 Mexico
69%
5 Philippines
66%
6 Pakistan
60%
9 Turkey
56%
2 Nepal
49%
4 Ecuador
35%
7 El Salvador
13%
No matching quizzes found
Score Distribution
Percent of People with Each Score
Percentile by Number Answered
Your Score History
You have not taken this quiz